[Event "Wch Seniors 65 30th"]
[Site "Assisi"]
[Date "2022.11.16"]
[Round "2"]
[White "Montero Martinez, Cristian"]
[Black "Petran, Peter"]
[Result "1/2-1/2"]
[WhiteElo "2007"]
[BlackElo "2213"]
[PlyCount "43"]
[EventDate "2022.11.15"]
[EventType "swiss"]
[EventRounds "11"]
[EventCountry "ITA"]
[SourceTitle "CBM 211 Extra"]
[Source "ChessBase"]
[SourceDate "2023.01.31"]
[SourceVersion "1"]
[SourceVersionDate "2023.01.31"]
[SourceQuality "1"]

1. b3 e5 2. Bb2 d6 3. e4 Nf6 4. Nc3 Nc6 5. Nge2 Nd4 6. Nxd4 exd4 7. Ne2 c5 8. Ng3 h5 9. h4 a6 10. c3 Qe7 11. cxd4 Nxe4 12. Nxe4 Qxe4+ 13. Qe2 Bf5 14. Qxe4+ Bxe4 15. f3 Bc6 16. Rc1 cxd4 17. Bxd4 Rh6 18. Kf2 Re6 19. Bd3 g6 20. Rhe1 Rxe1 21. Rxe1+ Kd7 22. g3 1/2-1/2

[Event "Valdivia op 2nd"]
[Site "Valdivia"]
[Date "2021.09.18"]
[Round "3"]
[White "Cori, Jorge Moise"]
[Black "Montero Martinez, Cristian"]
[Result "1-0"]
[WhiteElo "2654"]
[BlackElo "2080"]
[PlyCount "56"]
[EventDate "2021.09.16"]
[EventType "swiss"]
[EventRounds "6"]
[EventCountry "CHI"]
[SourceTitle "CBM 204 Extra"]
[Source "ChessBase"]
[SourceDate "2021.11.30"]
[SourceVersion "1"]
[SourceVersionDate "2021.11.30"]
[SourceQuality "1"]

1. d4 Nf6 2. c4 g6 3. Nf3 Bg7 4. g3 c5 5. d5 b5 6. cxb5 a6 7. b6 d6 8. Nc3 Nbd7 9. Bg2 0-0 10. 0-0 Nxb6 11. e4 Qc7 12. Re1 Bb7 13. Bg5 Rfe8 14. Rc1 e6 15. Bxf6 Bxf6 16. e5 Bg7 17. Ne4 Bxd5 18. Nxd6 Rf8 19. Qe2 Rad8 20. Ne4 Bxe4 21. Qxe4 Rd5 22. b4 c4 23. Bf1 Rc8 24. h4 a5 25. a3 axb4 26. axb4 Rb5 27. Rb1 Qe7 28. Nd4 Rd5 1-0

[Event "Valdivia op 2nd"]
[Site "Valdivia"]
[Date "2021.09.17"]
[Round "1"]
[White "Ruiz Symmes, Arturo Osvaldo"]
[Black "Montero Martinez, Cristian"]
[Result "0-1"]
[WhiteElo "1584"]
[BlackElo "2080"]
[PlyCount "67"]
[EventDate "2021.09.16"]
[EventType "swiss"]
[EventRounds "6"]
[EventCountry "CHI"]
[SourceTitle "CBM 204 Extra"]
[Source "ChessBase"]
[SourceDate "2021.11.30"]
[SourceVersion "1"]
[SourceVersionDate "2021.11.30"]
[SourceQuality "1"]

1. e4 d6 2. f4 c5 3. Nf3 Nc6 4. Bb5 Qb6 5. Nc3 e6 6. d3 a6 7. Ba4 Nge7 8. a3 Bd7 9. Bb3 g6 10. Be3 Bg7 11. 0-0 0-0 12. Qe1 Na5 13. Nd2 Nxb3 14. Nxb3 Qc7 15. d4 cxd4 16. Nxd4 Nc6 17. Rd1 Nxd4 18. Rxd4 Bc6 19. Rd1 f5 20. exf5 gxf5 21. Qd2 Rad8 22. Qf2 Qf7 23. Rd2 Rfe8 24. Rfd1 Bf8 25. Bd4 e5 26. fxe5 dxe5 27. Bxe5 Rxd2 28. Qg3+ Bg7 29. Rxd2 Rxe5 30. Ne2 Rd5 31. Nd4 f4 32. Qf2 Bxd4 33. Rxd4 Rxd4 34. Qxd4 0-1

[Event "American Continental 15th"]
[Site "Sao Paulo"]
[Date "2019.07.09"]
[Round "7"]
[White "Montero Martinez, Cristian"]
[Black "Della Morte, German"]
[Result "0-1"]
[WhiteElo "1991"]
[BlackElo "2359"]
[PlyCount "90"]
[EventDate "2019.07.05"]
[EventType "swiss"]
[EventRounds "11"]
[EventCountry "BRA"]
[SourceTitle "CBM 191 Extra"]
[Source "ChessBase"]
[SourceDate "2019.09.30"]
[SourceVersion "1"]
[SourceVersionDate "2019.09.30"]
[SourceQuality "1"]

1. d4 Nf6 2. Bf4 g6 3. Nf3 Bg7 4. Nc3 d5 5. Ne5 c5 6. e3 0-0 7. dxc5 Qa5 8. Qd2 Qxc5 9. 0-0-0 Be6 10. f3 Nh5 11. Nd3 Qa5 12. Be5 Nf6 13. Nf4 Nc6 14. Bxf6 Bxf6 15. Ncxd5 Qxa2 16. Nxf6+ exf6 17. Qc3 Ne5 18. Nxe6 Qxe6 19. Kb1 Rac8 20. Qa3 Qc6 21. Qb3 a5 22. Rd4 Qc7 23. Bb5 Qe7 24. Rhd1 Rc7 25. e4 h5 26. Rd5 Kg7 27. Qa4 Rfc8 28. c3 Ra8 29. Qd4 a4 30. f4 Nc6 31. Bxc6 bxc6 32. Rd6 a3 33. e5 fxe5 34. fxe5 axb2 35. e6+ Kh7 36. Kxb2 Rb7+ 37. Kc2 Ra2+ 38. Kd3 fxe6 39. Rd8 e5 40. Qd6 e4+ 41. Kd4 Rxg2 42. Qxe7+ Rxe7 43. Kc5 Rxh2 44. Kxc6 Rc2 45. Kd6 Rf7 0-1

[Event "Antofagasta Zicosur op 4th"]
[Site "Antofagasta"]
[Date "2019.01.10"]
[Round "10"]
[White "Acosta, Pablo Ismael"]
[Black "Montero Martinez, Cristian"]
[Result "1-0"]
[WhiteElo "2463"]
[BlackElo "2104"]
[PlyCount "52"]
[EventDate "2019.01.04"]
[EventType "swiss"]
[EventRounds "10"]
[EventCountry "CHI"]
[SourceTitle "CBM 190 Extra"]
[Source "ChessBase"]
[SourceDate "2019.07.15"]
[SourceVersion "1"]
[SourceVersionDate "2019.07.15"]
[SourceQuality "1"]

1. c4 e5 2. Nc3 Nf6 3. g3 Bb4 4. Bg2 0-0 5. Nf3 Re8 6. 0-0 c6 7. a3 Bf8 8. d4 e4 9. Ng5 d5 10. cxd5 cxd5 11. Nh3 h6 12. f3 Nc6 13. fxe4 Nxe4 14. e3 g5 15. Nf2 Nxf2 16. Rxf2 Be6 17. e4 Ne7 18. e5 Qd7 19. Qd3 a6 20. Bd2 Rac8 21. Raf1 Bg7 22. Nd1 Nc6 23. Ne3 Red8 24. Bf3 b5 25. Bh5 Rf8 26. Nf5 Qa7 1-0

[Event "Villa Martelli zt 2.5"]
[Site "Villa Martelli"]
[Date "2017.05.04"]
[Round "6"]
[White "Arias, Juan Cruz"]
[Black "Montero Martinez, Cristian"]
[Result "1-0"]
[WhiteElo "2254"]
[BlackElo "2050"]
[PlyCount "87"]
[EventDate "2017.04.30"]
[EventType "swiss"]
[EventRounds "9"]
[EventCountry "ARG"]
[SourceTitle "CBM 178 Extra"]
[Source "ChessBase"]
[SourceDate "2017.06.22"]
[SourceVersion "1"]
[SourceVersionDate "2017.06.22"]
[SourceQuality "1"]

1. e4 c5 2. Nc3 Nc6 3. Bb5 Nd4 4. Bc4 e6 5. Nf3 d6 6. 0-0 g6 7. Nxd4 cxd4 8. Ne2 Bg7 9. c3 dxc3 10. dxc3 Nf6 11. Ng3 0-0 12. Bf4 d5 13. exd5 Nxd5 14. Bxd5 exd5 15. Qd2 d4 16. c4 Re8 17. Rfe1 Be6 18. b3 b5 19. cxb5 Qd5 20. Ne4 Bf5 21. Nd6 Re6 22. Rxe6 fxe6 23. Rc1 Rd8 24. Nc8 Qxb5 25. Nxa7 Qd5 26. Nc6 Rd7 27. b4 e5 28. Rc5 Qxc5 29. bxc5 exf4 30. Nb4 d3 31. c6 Rd4 32. h4 Be5 33. a4 Bd6 34. Na2 Rc4 35. Nc3 Kg7 36. Nd5 Rc2 37. Qd1 d2 38. Kh2 f3+ 39. g3 Rxc6 40. Qxd2 Rc2 41. Qd4+ Kh6 42. Nc3 Bf8 43. Qe3+ Kg7 44. a5 1-0

[Event "CHI-ch sf"]
[Site "Quilpue"]
[Date "2016.12.16"]
[Round "4"]
[White "Vergara Jofre, Felipe Andres"]
[Black "Montero Martinez, Cristian"]
[Result "1-0"]
[WhiteElo "2197"]
[BlackElo "2089"]
[PlyCount "43"]
[EventDate "2016.12.14"]
[EventType "swiss"]
[EventRounds "8"]
[EventCountry "CHI"]
[SourceTitle "EXT 2018"]
[Source "ChessBase"]
[SourceDate "2017.10.13"]
[SourceVersion "1"]
[SourceVersionDate "2017.10.13"]
[SourceQuality "1"]

1. e4 c6 2. Nc3 d5 3. Nf3 Bg4 4. h3 Bxf3 5. Qxf3 e6 6. d4 Nf6 7. Bg5 Be7 8. 0-0-0 Nbd7 9. e5 Ng8 10. Bf4 a6 11. Kb1 c5 12. dxc5 Bxc5 13. Qg3 Kf8 14. Bd3 Ne7 15. Bg5 h6 16. Bxe7+ Bxe7 17. f4 Rc8 18. f5 Rxc3 19. fxe6 Rc6 20. exd7 Qxd7 21. Rhf1 Kg8 22. Be4 1-0

[Event "Wch Seniors 65 26th"]
[Site "Marianske Lazne"]
[Date "2016.11.19"]
[Round "1"]
[White "Bohman, Leif"]
[Black "Montero Martinez, Cristian"]
[Result "0-1"]
[WhiteElo "1749"]
[BlackElo "2089"]
[PlyCount "50"]
[EventDate "2016.11.19"]
[EventType "swiss"]
[EventRounds "11"]
[EventCountry "CZE"]
[SourceTitle "CBM 175 Extra"]
[Source "ChessBase"]
[SourceDate "2016.12.12"]
[SourceVersion "1"]
[SourceVersionDate "2016.12.12"]
[SourceQuality "1"]

1. d4 d5 2. Bf4 Nf6 3. e3 c6 4. Nd2 g6 5. Bd3 Bg7 6. Ngf3 Nbd7 7. h3 0-0 8. 0-0 Ne8 9. e4 dxe4 10. Nxe4 Qb6 11. Rb1 Nef6 12. c3 Nxe4 13. Bxe4 Nf6 14. Bc2 Be6 15. b3 c5 16. Be5 Nd5 17. Qe1 Rac8 18. Be4 Bxe5 19. Bxd5 Bxd5 20. Qxe5 Bxf3 21. gxf3 cxd4 22. cxd4 e6 23. Rbc1 Rcd8 24. Qf6 Rfe8 25. Rc4 Qd6 0-1